000 00629nam a2200193Ia 4500
999 _c35421
_d35421
003 OSt
005 20211216165617.0
008 160316s2013 xxu||||| |||| 00| 0 eng d
040 _c.
082 _a344.046 COM
_bCOM
100 _a
245 _aOne week training programme for Indian forest service officers on International and national environmental issues and mitigation measures
260 _aBangalore
_bCommons Cell, NLSIU
_c2013
300 _a189
650 _a1. mitigation measures2. environmental issues
700 _a
_a
856 _u http://opac.nls.ac.in:8081/xmlui/handle/123456789/895
942 _2ddc
_cREP